diba.cat/museuslocals : Agenda d'activitats de la Xarxa de Museus Locals Agenda d'activitats de la Xarxa de Museus Locals
Descripción Física:
1 targeta postal ; il. col. ; 15 x 11 cm.
Materias:
Barcelona (Catalunya : Província). -- Xarxa de Museus Locals -- Activitats culturals
; Targetes postals
Idioma:
Catalán
MARC
| LEADER | 00000nkm a22000007a 4500 | ||
|---|---|---|---|
| 001 | 27155 | ||
| 003 | Arxiu | ||
| 005 | 20260324181147.0 | ||
| 008 | 221221b spa||||| |||| 00| 0 cat d | ||
| 017 | |a B 27925-2013 | ||
| 017 | |a B 13842-2013 | ||
| 040 | |a agdb |b cat | ||
| 245 | |a diba.cat/museuslocals : |b Agenda d'activitats de la Xarxa de Museus Locals | ||
| 260 | |a Barcelona : |b Diputació de Barcelona ; |c 2013 | ||
| 300 | |a 1 targeta postal ; |b il. col. ; |c 15 x 11 cm. | ||
| 610 | 1 | 0 | |a Barcelona (Catalunya : Província). |b Xarxa de Museus Locals |x Activitats culturals |9 55919 |
| 655 | 0 | |9 52685 |a Targetes postals | |
| 710 | 1 | |9 52675 |a Barcelona (Catalunya : Província). |b Oficina de Patrimoni Cultural | |
| 942 | |2 udc |c ARXIU |n 1 | ||
| 952 | |0 0 |1 0 |2 udc |4 0 |6 NBM1676 |7 1 |9 64896 |a Arxiu |b Arxiu |d 2022-12-21 |l 0 |o NBM-16-76 |p 27155 |r 2022-12-21 00:00:00 |w 2022-12-21 |y ARXIU | ||
| 952 | |0 0 |1 0 |2 udc |4 0 |6 NBM1685 |7 1 |9 64906 |a Arxiu |b Arxiu |d 2022-12-27 |l 0 |o NBM-16-85 |p 27165 |r 2022-12-27 00:00:00 |w 2022-12-27 |y ARXIU | ||
| 999 | |c 82858 |d 82858 | ||